000
00271nam a2200121Ia 4500
008
190216s9999||||xx |||||||||||||| ||und||
100
_a
Immam Navavi
245
0
_a
Riyadh-Al-Saliheen
260
_b
Al Hind Book Stals
_c
1979
300
_a
66p
650
_a
Arabic
942
_c
BK
999
_c
242
_d
242